000 00331nam a2200133Ia 4500
005 20260328101528.0
008 260328s9999||||xx |||||||||||||| ||und||
100 _aPedersen, Johan
245 0 _aArkitekten Arne Jacobsen /
_cJohan Pedersen
260 _bArkitektens Forlag
300 _a97 p.
650 _aARQUITECTOS
942 _cBK
999 _c9875
_d9875